| 000 | 00616nam a22002177a 4500 | ||
|---|---|---|---|
| 999 |
_c173355 _d173355 |
||
| 003 | Nust | ||
| 005 | 20180719091153.0 | ||
| 008 | 170122b xxu||||| |||| 00| 0 eng d | ||
| 020 |
_a978-0785821854 _cRs. 540 |
||
| 020 | _a0785821856 | ||
| 038 | _aArshad | ||
| 040 | _aNUST- Fiction | ||
| 082 |
_a366 _bCHA |
||
| 100 |
_a Chandelle, René _911851 |
||
| 245 |
_aBeyond angels and demons: _bthe truth behind the fiction / _cRene Chandelle |
||
| 260 |
_aLondon: _bBounty books, _c2005 |
||
| 300 | _a175 p. | ||
| 650 |
_aSecret societies _911852 |
||
| 650 |
_aAngels & demons (Brown, Dan) _911853 |
||
| 942 |
_2ddc _cBK |
||